| 000 | 00359cam a22001097a 4500 | ||
|---|---|---|---|
| 008 | 180718b1971 xxu||||| |||| 00| 0 eng d | ||
| 082 | _aA6x5406 In2m/3 | ||
| 100 | _aPrasad, S.N. | ||
| 245 |
_aDescriptive list of "mutiny papers" in the National Archives of India, Bhopal _cby S.N. Prasad |
||
| 260 |
_aDelhi _bThe Manager of Publications _c1971 |
||
| 300 | _a132+p. | ||
| 999 |
_c487104 _d487104 |
||